00558nam a2200229Ia 450000500170000000800460001702000180006303700100008104000080009104000080009904000080010704100080011504100080012308400080013110000190013924500720015826000230023026000090025336500050026236500080026785600530027520260324112443.0008 260324s9999 xx 000 0 eng d a9781003537007 aEBOOK aCRL beng cCRL 2eng aeng qCRL aLionel Corbett 2aA Jungian and Psychoanalytic Approach to Biblical Myth and Religion bTaylor and Francis c2024 a b205 uhttp://www.taylorfrancis.com/books/9781003537007